[Event "FRA-ch Universities 2019"]
[Site "Paris"]
[Date "2019.02.02"]
[Round "6"]
[White "Defromont, Benjamin"]
[Black "Graca, Robert"]
[Result "0-1"]
[WhiteElo "2113"]
[BlackElo "2270"]
[Annotator "TA"]
[PlyCount "77"]
[EventDate "2019.02.01"]
[EventType "swiss"]
[EventCountry "FRA"]
[SourceTitle "playchess.com"]
[Source "ChessBase"]
[SourceQuality "1"]

{[%evp 22,77,27,17,78,70,81,88,120,115,109,67,71,0,0,-185,-52,-300,-145,-129,-129,-129,-128,-147,-103,-105,-47,-99,-98,-87,-70,-68,-34,-50,-33,-39,-16,-95,-97,-212,-216,-238,-224,-229,-226,-308,-308,-309,-309,-309,-309,-309,-309,-309,-308,-449,-421,-559]} 1. e4 c5 2. Nf3 d6 3. d4 cxd4 4. Nxd4 Nf6 5. Nc3 g6 6. Be3 Bg7 7. f3 O-O 8. Bc4 Nc6 9. Qd2 Bd7 10. O-O-O Rc8 11. Bb3 Nxd4 12. Bxd4 {LiveBook: 362 Games} a5 {B78: Sicilian Dragon: Yugoslav Attack, 9 Bc4 Bd7 10 0-0-0 Rc8} (12... b5 $1 $11) (12... b5 13. Nd5 Nxd5 14. Bxg7 Kxg7 15. exd5 a5 16. a3 Kg8 17. Rhe1 Rc5 18. Re3 b4 19. axb4 axb4 20. Qxb4 Qa8 21. Kd2 {½-½ (46) Alekseenko,K (2609)-Vocaturo,D (2620) Batumi 2018}) 13. a4 $16 b5 14. Nxb5 Bxb5 {White is better.} 15. axb5 a4 16. Bxa4 $146 ({Predecessor:} 16. Bd5 Nxd5 17. Bxg7 Kxg7 18. exd5 Qd7 19. Qd4+ Kg8 20. Qxa4 {0-1 (51) McKenzie,C-Benson,G Australia 2003}) 16... Rc4 $1 {[%cal Rc4a4]} 17. Bb3 (17. b3 $1 $16 {[%cal Rb3c4]} Nxe4 18. Qe3 (18. fxe4 Rxd4 19. Qe3 Qb6 $15) 18... Rxd4 19. Rxd4 Bxd4 20. Qxd4) 17... Nxe4 $1 $40 {[%mdl 128] White needs to defend precisely.} 18. Qe3 $2 (18. Qe1 $11 Rxd4 19. Rxd4 Bxd4 20. Qxe4) 18... Qa5 (18... Bxd4 $1 $19 19. Qd3 (19. Rxd4 $2 Qa5 $19) 19... Rb4 20. fxe4 Qa5) 19. Qxe4 $2 {[#]} ({White has to play} 19. c3 $15 Rxd4 20. cxd4) 19... Rxd4 (19... Qa1+ $1 $19 {and Black stays clearly on top.} 20. Kd2 Rxd4+ 21. Qxd4 Qa5+ 22. Ke2 Bxd4 23. Rxd4 Qxb5+ 24. Rd3 Rb8) 20. Rxd4 $17 Qa1+ 21. Kd2 Qxh1 22. Rb4 Qxg2+ ({Of course not} 22... Bxb2 $6 {[#]} 23. Bxf7+ $1 {[%mdl 512]} Rxf7 24. Rxb2 $11) 23. Qe2 Qg5+ ({Black should try} 23... Qg1 $17 24. b6 Bh6+ 25. Kd3 Rb8) 24. f4 (24. Qe3 $15 Qh5 25. Ke2) 24... Qc5 25. c3 e6 26. Qe3 Qh5 27. Qe2 {Qxh5 is the strong threat.} Qh4 28. b6 {aiming for b7.} Rb8 {Threatens to win with ...d5.} 29. b7 (29. Kc2 $11 Qd8 30. Bxe6 fxe6 31. Qxe6+ Kf8 32. b7) 29... d5 30. Kc2 (30. Bd1 $17) 30... Bf8 $19 31. Rb5 Qxf4 32. Kb1 Qc7 33. c4 dxc4 ({Don't play} 33... Rxb7 34. cxd5 Rxb5 35. Qxb5 $19) 34. Bxc4 Rxb7 35. Rxb7 Qxb7 36. Kc2 Bg7 37. Kb1 Qb4 38. h3 {[#]} (38. Bd3 {was worth a try.}) 38... Bxb2 $1 {[%mdl 512]} 39. Qd1 {Precision: White = 33%, Black = 48%.} (39. Qxb2 Qxc4) 0-1

[Event "FRA-ch Universities 2019"]
[Site "Paris"]
[Date "2019.02.02"]
[Round "6"]
[White "Geronimi, Pierre-Francois"]
[Black "Bellaiche, Elise"]
[Result "1-0"]
[WhiteElo "2042"]
[BlackElo "2056"]
[Annotator "NA"]
[PlyCount "39"]
[EventDate "2019.02.01"]
[EventType "swiss"]
[EventCountry "FRA"]
[SourceTitle "playchess.com"]
[Source "ChessBase"]
[SourceQuality "1"]
[TimeControl "900+5"]

1. e4 {[%emt 0:00:00]} e6 {[%emt 0:00:02]} 2. Nf3 {[%emt 0:00:00]} d5 {[%emt 0:00:02]} 3. e5 {[%emt 0:00:00]} c5 {[%emt 0:00:34]} 4. b4 {[%emt 0:00:01]} cxb4 {[%emt 0:00:20]} 5. a3 {[%emt 0:00:03]} Nc6 {[%emt 0:00:22]} 6. axb4 {[%emt 0:00:02]} Bxb4 {[%emt 0:00:23]} 7. c3 {[%emt 0:00:01]} Be7 {[%emt 0:02:37]} 8. d4 {[%emt 0:00:02]} Qc7 {[%emt 0:02:32]} 9. Bd3 {[%emt 0:00:03]} f6 {[%emt 0:00:27]} 10. Qe2 {[%emt 0:00:02]} Bd7 {[%emt 0:01:05]} 11. O-O {[%emt 0:00:15]} O-O-O {[%emt 0:01:02]} 12. Ba3 {[%emt 0:01:23]} f5 {[%emt 0:02:18]} 13. Bxe7 {[%emt 0:00:30]} Ngxe7 {[%emt 0:00:01]} 14. Na3 {[%emt 0:00:03]} Na5 {[%emt 0:01:18]} 15. Rfb1 {[%emt 0:03:41]} Rdg8 {[%emt 0:00:33]} 16. Ng5 {[%emt 0:00:10]} Rf8 {[%emt 0:01:01]} 17. Nb5 {[%emt 0:01:05]} Bxb5 {[%emt 0:00:12]} 18. Rxb5 {[%emt 0:00:02]} Nac6 {[%emt 0:00:48]} 19. Nxe6 {[%emt 0:00:04]} Qd7 {[%emt 0:00:11]} 20. Nc5 {[%emt 0:00:02]} 1-0

[Event "FRA-ch Universities 2019"]
[Site "Paris"]
[Date "2019.02.02"]
[Round "6"]
[White "Brunier, Jules"]
[Black "Loiseau, Quentin"]
[Result "0-1"]
[WhiteElo "2015"]
[BlackElo "2452"]
[Annotator "RC"]
[PlyCount "90"]
[EventDate "2019.02.01"]
[EventType "swiss"]
[EventCountry "FRA"]
[SourceTitle "playchess.com"]
[Source "ChessBase"]
[SourceQuality "1"]
[TimeControl "900+5"]

1. e4 {[%emt 0:00:00]} c5 {[%emt 0:00:00]} 2. Nf3 {[%emt 0:00:07]} Nc6 {[%emt 0:00:01]} 3. d4 {[%emt 0:00:05]} cxd4 {[%emt 0:00:02]} 4. Nxd4 {[%emt 0:00:03]} Nf6 {[%emt 0:00:02]} 5. Nc3 {[%emt 0:00:27]} e5 {[%emt 0:00:02]} 6. Ndb5 {[%emt 0:00:14]} d6 {[%emt 0:00:05]} 7. Nd5 {[%emt 0:02:48]} Nxd5 {[%emt 0:00:02]} 8. exd5 {[%emt 0:00:02]} Nb8 {[%emt 0:00:01]} 9. c4 {[%emt 0:00:28]} Be7 {[%emt 0:00:03]} 10. Be2 {[%emt 0:00:06]} O-O {[%emt 0:00:05]} 11. O-O {[%emt 0:00:03]} a6 {[%emt 0:00:26]} 12. Nc3 {[%emt 0:00:03]} f5 {[%emt 0:00:02]} 13. Re1 {[%emt 0:00:22]} Nd7 {[%emt 0:00:04]} 14. Bf1 {[%emt 0:00:09]} e4 {[%emt 0:00:14]} 15. Ne2 {[%emt 0:00:30]} Ne5 {[%emt 0:00:05]} 16. Nd4 {[%emt 0:00:03]} Qe8 {[%emt 0:00:26]} 17. Bf4 {[%emt 0:01:16]} Bf6 {[%emt 0:00:15]} 18. Rc1 {[%emt 0:00:14]} g5 {[%emt 0:00:44]} 19. Bd2 {[%emt 0:00:23]} Ng4 {[%emt 0:00:59]} 20. h3 {[%emt 0:00:53]} Nxf2 {[%emt 0:00:09]} 21. Kxf2 {[%emt 0:00:10]} Bxd4+ {[%emt 0:00:02]} 22. Be3 {[%emt 0:00:09]} Bxe3+ {[%emt 0:00:26]} 23. Rxe3 {[%emt 0:00:24]} Qe5 {[%emt 0:00:02]} 24. Qc2 {[%emt 0:01:56]} Bd7 {[%emt 0:00:37]} 25. b4 {[%emt 0:02:42]} Rac8 {[%emt 0:01:58]} 26. Qc3 {[%emt 0:00:49]} f4 {[%emt 0:00:27]} 27. Ree1 {[%emt 0:00:20]} Qf5 {[%emt 0:00:59]} 28. Qd4 {[%emt 0:00:19]} Rce8 {[%emt 0:00:37]} 29. Kg1 {[%emt 0:00:37]} f3 {[%emt 0:01:18]} 30. Qf2 {[%emt 0:01:27]} g4 {[%emt 0:01:23]} 31. g3 {[%emt 0:00:09]} gxh3 {[%emt 0:00:54]} 32. Kh2 {[%emt 0:00:00]} Rf7 {[%emt 0:00:19]} 33. c5 {[%emt 0:00:02]} Rg7 {[%emt 0:01:08]} 34. c6 {[%emt 0:00:07]} Bc8 {[%emt 0:00:01]} 35. Bd3 {[%emt 0:00:08]} Kh8 {[%emt 0:00:41]} 36. Rc4 {[%emt 0:00:02]} Rge7 {[%emt 0:00:37]} 37. Qb2+ {[%emt 0:00:02]} Kg8 {[%emt 0:00:10]} 38. cxb7 {[%emt 0:00:02]} Bxb7 {[%emt 0:00:07]} 39. Bc2 {[%emt 0:00:17]} Bxd5 {[%emt 0:00:06]} 40. Rd4 {[%emt 0:00:11]} Bf7 {[%emt 0:00:05]} 41. Rxd6 {[%emt 0:00:03]} f2 {[%emt 0:00:21]} 42. Rf6 {[%emt 0:00:11]} fxe1=Q {[%emt 0:00:14]} 43. Rxf5 {[%emt 0:00:06]} Qe2+ {[%emt 0:00:36]} 44. Kxh3 {[%emt 0:00:00]} Be6 {[%emt 0:00:08]} 45. Qf6 {[%emt 0:00:10]} Qh5+ {[%emt 0:00:03]} 0-1

[Event "FRA-ch Universities 2019"]
[Site "Paris"]
[Date "2019.02.02"]
[Round "6"]
[White "Thiercelin, Jerome"]
[Black "Daeschler, Florian"]
[Result "0-1"]
[WhiteElo "2009"]
[BlackElo "2276"]
[Annotator "RC"]
[PlyCount "110"]
[EventDate "2019.02.01"]
[EventType "swiss"]
[EventCountry "FRA"]
[SourceTitle "playchess.com"]
[Source "ChessBase"]
[SourceQuality "1"]
[TimeControl "900+5"]

1. d4 {[%emt 0:00:00]} d5 {[%emt 0:00:00]} 2. c4 {[%emt 0:00:00]} e6 {[%emt 0:00:00]} 3. Nc3 {[%emt 0:00:01]} Nf6 {[%emt 0:00:00]} 4. cxd5 {[%emt 0:00:01]} exd5 {[%emt 0:00:00]} 5. Bg5 {[%emt 0:00:01]} c6 {[%emt 0:00:00]} 6. e3 {[%emt 0:00:03]} Be7 {[%emt 0:00:01]} 7. Bd3 {[%emt 0:00:02]} Nbd7 {[%emt 0:00:01]} 8. Qc2 {[%emt 0:00:04]} h6 {[%emt 0:00:00]} 9. Bh4 {[%emt 0:00:03]} Nh5 {[%emt 0:00:02]} 10. Bxe7 {[%emt 0:00:05]} Qxe7 {[%emt 0:00:01]} 11. Nge2 {[%emt 0:00:24]} Nb6 {[%emt 0:00:02]} 12. a3 {[%emt 0:00:53]} a5 {[%emt 0:00:03]} 13. Na4 {[%emt 0:00:08]} Nxa4 {[%emt 0:00:09]} 14. Qxa4 {[%emt 0:00:02]} O-O {[%emt 0:00:06]} 15. Ng3 {[%emt 0:00:36]} Nf6 {[%emt 0:00:24]} 16. Qc2 {[%emt 0:00:22]} a4 {[%emt 0:00:06]} 17. Rc1 {[%emt 0:00:11]} Re8 {[%emt 0:00:42]} 18. Qc5 {[%emt 0:00:15]} Qd8 {[%emt 0:00:16]} 19. O-O {[%emt 0:02:16]} Be6 {[%emt 0:00:09]} 20. Ne2 {[%emt 0:00:24]} Nd7 {[%emt 0:00:07]} 21. Qc2 {[%emt 0:00:23]} Nf6 {[%emt 0:01:01]} 22. Nc3 {[%emt 0:00:49]} b5 {[%emt 0:00:47]} 23. Ne2 {[%emt 0:00:17]} Bd7 {[%emt 0:00:03]} 24. Ng3 {[%emt 0:01:35]} Rc8 {[%emt 0:00:25]} 25. Qb1 {[%emt 0:02:49]} Qe7 {[%emt 0:01:05]} 26. Bf5 {[%emt 0:01:27]} g6 {[%emt 0:00:04]} 27. Bxd7 {[%emt 0:00:13]} Nxd7 {[%emt 0:00:11]} 28. Qd3 {[%emt 0:00:29]} Nb6 {[%emt 0:00:21]} 29. Rc2 {[%emt 0:00:33]} Nc4 {[%emt 0:00:06]} 30. Rfc1 {[%emt 0:00:21]} Kg7 {[%emt 0:00:34]} 31. Nf1 {[%emt 0:00:45]} Qg5 {[%emt 0:00:45]} 32. Nd2 {[%emt 0:00:28]} Rb8 {[%emt 0:00:47]} 33. Nf3 {[%emt 0:00:54]} Qf6 {[%emt 0:00:02]} 34. Qc3 {[%emt 0:00:16]} Qf5 {[%emt 0:00:48]} 35. Ne5 {[%emt 0:00:14]} Nxe5 {[%emt 0:03:25]} 36. dxe5 {[%emt 0:00:03]} Qxe5 {[%emt 0:00:01]} 37. Qxe5+ {[%emt 0:00:01]} Rxe5 {[%emt 0:00:00]} 38. Rxc6 {[%emt 0:00:02]} b4 {[%emt 0:00:01]} 39. axb4 {[%emt 0:00:34]} Rxb4 {[%emt 0:00:01]} 40. R6c2 {[%emt 0:00:03]} Ree4 {[%emt 0:00:31]} 41. g3 {[%emt 0:00:05]} Rec4 {[%emt 0:00:12]} 42. Rxc4 {[%emt 0:00:03]} Rxc4 {[%emt 0:01:04]} 43. Rd1 {[%emt 0:00:09]} Rb4 {[%emt 0:00:37]} 44. Rd4 {[%emt 0:00:07]} Rxd4 {[%emt 0:01:21]} 45. exd4 {[%emt 0:00:01]} Kf6 {[%emt 0:00:01]} 46. f3 {[%emt 0:00:02]} Ke6 {[%emt 0:00:01]} 47. Kf2 {[%emt 0:00:01]} Kd6 {[%emt 0:00:01]} 48. Ke3 {[%emt 0:00:02]} Kc6 {[%emt 0:00:00]} 49. Kd3 {[%emt 0:00:01]} Kb6 {[%emt 0:00:10]} 50. Kd2 {[%emt 0:00:15]} Ka5 {[%emt 0:00:01]} 51. Kc3 {[%emt 0:00:12]} Kb5 {[%emt 0:00:50]} 52. h3 {[%emt 0:00:06]} f6 {[%emt 0:00:53]} 53. g4 {[%emt 0:00:08]} g5 {[%emt 0:00:02]} 54. b4 {[%emt 0:00:05]} a3 {[%emt 0:00:08]} 55. Kb3 {[%emt 0:00:01]} a2 {[%emt 0:00:01]} 0-1

[Event "FRA-ch Universities 2019"]
[Site "Paris"]
[Date "2019.02.03"]
[Round "7"]
[White "Loiseau, Quentin"]
[Black "Sochacki, Christophe"]
[Result "0-1"]
[WhiteElo "2452"]
[BlackElo "2482"]
[Annotator "TA"]
[PlyCount "102"]
[EventDate "2019.02.01"]
[EventType "swiss"]
[EventCountry "FRA"]
[SourceTitle "playchess.com"]
[Source "ChessBase"]
[SourceQuality "1"]

{[%evp 19,102,9,8,21,19,18,14,14,14,14,43,40,42,45,41,25,25,29,25,24,28,27,29,11,60,60,70,66,66,66,70,66,84,62,100,103,101,82,119,98,191,3,3,0,0,0,0,0,0,0,0,0,0,0,0,0,0,0,0,0,0,0,0,-67,0,0,0,0,0,-652,-625,-441,-325,-1193,-1122,-1016,-799,-731,-696,-2151,-2133,-1911,-1627,-2046,-2012]} 1. Nf3 $146 (1. d4 Nf6 2. c4 e6 3. Nf3 d5 {1-0 (30) Vallejo Pons,F (2717)-Karthikeyan,M (2579) Tbilisi 2017}) ({Predecessor:} 1. d4 Nf6 2. c4 e6 3. Nf3 b6 4. g3 Bb7 5. Bg2 Be7 6. O-O O-O 7. Nc3 d5 8. Ne5 Nbd7 {0-1 (35) Januseviciute,D (1604)-Borisovaite,A (1400) Klaipeda 2017}) 1... Nf6 2. c4 e6 3. g3 d5 4. d4 Bb4+ 5. Bd2 Be7 6. Bg2 O-O 7. O-O b6 (7... c6 8. Bf4 b6 9. Nc3 Bb7 10. Ne5 {1-0 (30) Vallejo Pons,F (2717)-Karthikeyan,M (2579) Tbilisi 2017}) 8. Nc3 Bb7 9. Ne5 Nbd7 10. Bf4 c6 11. e4 {E16: Queen's Indian: 4 g3 Bb7 5 Bg2 Bb4+} Nxe5 (11... dxe4 12. Nxe4 Nxe5 13. Nxf6+ Bxf6 14. dxe5 Be7 15. h4 Qxd1 16. Rfxd1 Rfd8 17. a3 Kf8 18. b4 Ke8 {1-0 (30) Vallejo Pons,F (2717)-Karthikeyan,M (2579) Tbilisi 2017}) 12. dxe5 Nxe4 13. Nxe4 {The position is equal.} dxe4 14. Bxe4 Qxd1 15. Rfxd1 Rfd8 16. Be3 ({Predecessor:} 16. b3 Rab8 {0-1 (35) Januseviciute,D (1604)-Borisovaite,A (1400) Klaipeda 2017}) 16... Rab8 17. b3 c5 18. Rxd8+ ({Predecessor:} 18. Bxb7 Rxb7 19. Rxd8+ {0-1 (35) Januseviciute,D (1604)-Borisovaite,A (1400) Klaipeda 2017}) 18... Bxd8 19. Bxb7 Rxb7 $11 {[%mdl 4096] Endgame KRB-KRB} 20. Rd1 {[%cal Rd1d8] [#]} Be7 21. h4 h6 22. h5 Kf8 23. Kf1 Ke8 24. Ke2 Rd7 25. Rh1 a6 26. f4 b5 27. Rc1 b4 28. a3 a5 29. Ra1 f5 (29... bxa3 $16 30. Rxa3 Ra7) 30. a4 $2 (30. axb4 $18 {Strongly threatening b5.} axb4 31. Ra5) 30... Kf7 31. Rg1 g6 $1 32. g4 fxg4 33. hxg6+ Kxg6 {aiming for ...h5.} 34. Rxg4+ Kf7 35. Rg1 Rd8 36. Kf3 Rd3 37. Rb1 h5 38. Ke4 Rc3 39. Bd2 Rg3 40. Be3 h4 41. Rd1 (41. Rb2 $11) 41... h3 (41... Rg2 $1 $15 42. Rb1 h3) 42. Rh1 Kg6 43. Rh2 Kh5 {Hoping for ...Kg4.} 44. Rh1 $2 {[%mdl 8192]} (44. f5 $11) 44... Kg4 $19 45. Rh2 Rg2 46. Rh1 $2 (46. Rxg2+ hxg2 47. Bg1) 46... h2 {Black is clearly winning.} 47. Rb1 {[#]} Rb2 $1 {[%mdl 512]} 48. Rh1 (48. Rxb2 h1=Q+) 48... Kg3 {Threatens to win with ...Kg2.} 49. Bc1 Rxb3 50. f5 exf5+ 51. Kxf5 Kg2 {Accuracy: White = 45%, Black = 53%.} 0-1

[Event "FRA-ch Universities 2019"]
[Site "Paris"]
[Date "2019.02.03"]
[Round "7"]
[White "Eden, James"]
[Black "Sochacki, Wojtek"]
[Result "*"]
[WhiteElo "2338"]
[BlackElo "2348"]
[Annotator "NA"]
[PlyCount "128"]
[EventDate "2019.02.01"]
[EventType "swiss"]
[EventCountry "FRA"]
[SourceTitle "playchess.com"]
[Source "ChessBase"]
[SourceQuality "1"]
[TimeControl "900+5"]

1. e4 {[%emt 0:00:00]} c5 {[%emt 0:00:00]} 2. c3 {[%emt 0:00:30]} Nf6 {[%emt 0:00:00]} 3. e5 {[%emt 0:00:02]} Nd5 {[%emt 0:00:00]} 4. d4 {[%emt 0:00:03]} cxd4 {[%emt 0:00:00]} 5. Nf3 {[%emt 0:00:02]} Nc6 {[%emt 0:00:04]} 6. cxd4 {[%emt 0:00:03]} d6 {[%emt 0:00:01]} 7. Bc4 {[%emt 0:00:02]} dxe5 {[%emt 0:00:20]} 8. dxe5 {[%emt 0:00:40]} Ndb4 {[%emt 0:00:05]} 9. Qb3 {[%emt 0:01:04]} e6 {[%emt 0:00:06] B22: Sicilian: 2 c3} 10. O-O {[%emt 0:00:05]} Na5 {[%emt 0:01:26]} 11. Bb5+ {[%emt 0:00:34]} Bd7 {[%emt 0:00:20]} 12. Qa4 $1 {[%emt 0:00:04]} Bxb5 {[%emt 0:01:13]} 13. Qxb5+ {[%emt 0:00:03]} Nac6 {[%emt 0:00:01]} 14. Nc3 {[%emt 0:01:23]} a6 {[%emt 0:00:17]} 15. Qc4 {[%emt 0:01:24]} Qd3 {[%emt 0:00:06]} 16. Qf4 {[%emt 0:00:25]} Be7 {[%emt 0:05:00] [#]} 17. Be3 $146 {[%emt 0:00:14]} ({Predecessor:} 17. a3) 17... Qf5 {[%emt 0:01:50]} 18. Qxf5 {[%emt 0:00:43]} exf5 {[%emt 0:00:01]} 19. Rad1 {[%emt 0:00:18]} Rd8 {[%emt 0:01:55]} 20. Bb6 {[%emt 0:00:19]} Rxd1 {[%emt 0:00:32]} 21. Rxd1 {[%emt 0:00:03]} Bd8 {[%emt 0:00:19]} 22. Bc5 {[%emt 0:01:14]} Be7 {[%emt 0:00:09]} 23. Be3 {[%emt 0:00:06]} O-O {[%emt 0:01:10]} 24. a3 {[%emt 0:00:10]} Nc2 {[%emt 0:00:02]} 25. Bb6 {[%emt 0:00:03]} Rc8 {[%emt 0:00:47]} 26. Rc1 {[%emt 0:00:11]} Nxa3 {[%emt 0:00:40]} 27. Nd5 {[%emt 0:00:49]} Bf8 {[%emt 0:00:00]} 28. bxa3 {[%emt 0:00:02]} Bxa3 {[%emt 0:00:01]} 29. Rc3 {[%emt 0:00:13]} Bf8 {[%emt 0:00:06]} 30. Kf1 {[%emt 0:00:08]} Re8 {[%emt 0:00:05]} 31. Re3 {[%emt 0:00:30]} Rc8 {[%emt 0:00:19]} 32. e6 {[%emt 0:00:22]} fxe6 {[%emt 0:00:01]} 33. Rxe6 {[%emt 0:00:02]} h6 {[%emt 0:00:18]} 34. h4 {[%emt 0:00:23]} Kf7 {[%emt 0:00:02]} 35. Re2 {[%emt 0:00:08]} Bd6 {[%emt 0:00:03]} 36. h5 {[%emt 0:00:09]} f4 {[%emt 0:00:25]} 37. Re4 {[%emt 0:00:09]} Ne7 {[%emt 0:00:10]} 38. Nxe7 {[%emt 0:00:27]} Bxe7 {[%emt 0:00:00]} 39. Rxf4+ {[%emt 0:00:05]} Bf6 $18 {[%emt 0:00:01]} 40. Rb4 {[%emt 0:01:03]} Rc1+ {[%emt 0:00:16]} 41. Ke2 {[%emt 0:00:02]} Rc2+ {[%emt 0:00:01]} 42. Kd3 {[%emt 0:00:04]} Rc3+ {[%emt 0:00:02]} 43. Ke4 {[%emt 0:00:07]} Rc6 {[%emt 0:00:03]} 44. Ne5+ {[%emt 0:00:59]} Bxe5 {[%emt 0:00:01]} 45. Kxe5 {[%emt 0:00:03]} a5 {[%emt 0:00:04]} 46. Rb5 {[%emt 0:00:02]} a4 {[%emt 0:00:01]} 47. Bc5 {[%emt 0:00:11]} Rc7 {[%emt 0:00:07]} 48. Kd6 {[%emt 0:00:10]} Rc6+ {[%emt 0:00:02]} 49. Kd5 {[%emt 0:00:10]} Rc7 {[%emt 0:00:02]} 50. Ra5 {[%emt 0:00:11]} Rd7+ {[%emt 0:00:06]} 51. Bd6 {[%emt 0:00:03]} Kf6 {[%emt 0:00:06]} 52. Rxa4 {[%emt 0:00:16]} Kg5 {[%emt 0:00:01]} 53. Ke6 {[%emt 0:00:06]} b5 {[%emt 0:00:06]} 54. Rd4 {[%emt 0:01:28]} Ra7 {[%emt 0:00:08]} 55. Rd5+ {[%emt 0:00:33]} Kg4 {[%emt 0:00:03]} 56. Rxb5 {[%emt 0:00:06]} Ra2 {[%emt 0:00:03]} 57. Bg3 {[%emt 0:00:21]} Ra1 {[%emt 0:00:08]} 58. Kf7 {[%emt 0:00:04]} Rg1 {[%emt 0:00:02]} 59. Kxg7 {[%emt 0:00:13]} Rxg2 {[%emt 0:00:01]} 60. Kxh6 {[%emt 0:00:14]} Rg1 {[%emt 0:00:02]} 61. Kg6 {[%emt 0:00:07]} Rc1 {[%emt 0:00:05]} 62. Rb4+ {[%emt 0:00:06]} Kf3 {[%emt 0:00:01]} 63. Rf4+ {[%emt 0:00:03]} Kg2 {[%emt 0:00:02]} 64. h6 {[%emt 0:00:02]} Rc6+ {[%emt 0:00:03]} *

[Event "FRA-ch Universities 2019"]
[Site "Paris"]
[Date "2019.02.03"]
[Round "7"]
[White "Daeschler, Florian"]
[Black "Brunier, Jules"]
[Result "1-0"]
[WhiteElo "2276"]
[BlackElo "2015"]
[Annotator "NA"]
[PlyCount "75"]
[EventDate "2019.02.01"]
[EventType "swiss"]
[EventCountry "FRA"]
[SourceTitle "playchess.com"]
[Source "ChessBase"]
[SourceQuality "1"]
[TimeControl "900+5"]

1. d4 {[%emt 0:00:00]} d5 {[%emt 0:00:00]} 2. c4 {[%emt 0:00:00]} c6 {[%emt 0:00:02]} 3. Nf3 {[%emt 0:00:00]} Nf6 {[%emt 0:00:02]} 4. e3 {[%emt 0:00:02]} Bg4 {[%emt 0:00:21]} 5. h3 {[%emt 0:00:01]} Bh5 {[%emt 0:00:01]} 6. g4 {[%emt 0:00:01]} Bg6 {[%emt 0:00:01]} 7. Ne5 {[%emt 0:00:02]} e6 {[%emt 0:00:22]} 8. Nd2 {[%emt 0:00:05]} Bd6 {[%emt 0:00:07]} 9. Nxg6 {[%emt 0:00:14]} hxg6 {[%emt 0:00:02]} 10. Bg2 {[%emt 0:00:01]} Nbd7 {[%emt 0:00:39]} 11. O-O {[%emt 0:00:17]} g5 {[%emt 0:02:58]} 12. Re1 {[%emt 0:00:08]} Nf8 {[%emt 0:00:26]} 13. e4 {[%emt 0:01:06]} dxe4 {[%emt 0:01:10]} 14. Nxe4 {[%emt 0:00:01]} Nxe4 {[%emt 0:00:01]} 15. Rxe4 {[%emt 0:00:02]} Ng6 $1 {[%emt 0:00:47]} 16. Qb3 {[%emt 0:00:48]} b6 {[%emt 0:01:55]} ({Black should try} 16... Qe7 $11) 17. d5 {[%emt 0:05:43]} cxd5 {[%emt 0:00:06]} 18. cxd5 {[%emt 0:00:07]} e5 {[%emt 0:00:03]} 19. Qb5+ {[%emt 0:00:34]} Kf8 {[%emt 0:00:03]} 20. Bd2 {[%emt 0:00:40]} Nf4 {[%emt 0:00:55]} 21. Rc1 {[%emt 0:00:18]} g6 {[%emt 0:00:48]} 22. Rc6 {[%emt 0:01:07]} Kg7 {[%emt 0:00:04]} 23. Bc3 {[%emt 0:00:21]} f6 {[%emt 0:00:40]} 24. Qa6 {[%emt 0:00:41]} Nxh3+ {[%emt 0:00:24]} 25. Bxh3 {[%emt 0:00:26]} Rxh3 {[%emt 0:00:03]} 26. Qb7+ {[%emt 0:00:01]} Kh6 {[%emt 0:00:03]} 27. Rxd6 {[%emt 0:00:33]} Qxd6 {[%emt 0:01:15]} 28. Qxa8 {[%emt 0:00:02]} Kh7 {[%emt 0:00:18]} 29. Qc6 {[%emt 0:00:11]} Qf8 {[%emt 0:00:10]} 30. Qd7+ {[%emt 0:00:11]} Kh6 {[%emt 0:00:31]} 31. d6 {[%emt 0:00:26]} f5 {[%emt 0:00:28]} 32. Qe7 {[%emt 0:00:24]} Qa8 {[%emt 0:00:17]} 33. Qxe5 {[%emt 0:00:03]} Qg8 {[%emt 0:02:01]} 34. gxf5 {[%emt 0:00:44]} gxf5 {[%emt 0:00:33]} 35. Qxf5 {[%emt 0:00:11]} Rh4 {[%emt 0:00:10]} 36. Qf6+ {[%emt 0:00:28]} Kh5 {[%emt 0:00:02]} 37. Qh8+ {[%emt 0:00:08]} Qxh8 {[%emt 0:00:05]} 38. Rxh4+ {[%emt 0:00:01]} 1-0

[Event "FRA-ch Universities 2019"]
[Site "Paris"]
[Date "2019.02.03"]
[Round "7"]
[White "Graca, Robert"]
[Black "Dumas, Charles"]
[Result "1-0"]
[WhiteElo "2270"]
[BlackElo "2218"]
[Annotator "NA"]
[PlyCount "79"]
[EventDate "2019.02.01"]
[EventType "swiss"]
[EventCountry "FRA"]
[SourceTitle "playchess.com"]
[Source "ChessBase"]
[SourceQuality "1"]
[TimeControl "900+5"]

1. Nf3 {[%emt 0:00:00]} Nf6 {[%emt 0:00:00]} 2. c4 {[%emt 0:00:00]} b6 {[%emt 0:00:09]} 3. g3 {[%emt 0:00:01]} Bb7 {[%emt 0:00:01]} 4. Bg2 {[%emt 0:00:02]} d6 {[%emt 0:00:07]} 5. d4 {[%emt 0:00:32]} g6 {[%emt 0:00:09]} 6. O-O {[%emt 0:00:11]} Bg7 {[%emt 0:00:02]} 7. Nc3 {[%emt 0:00:37]} O-O {[%emt 0:00:09]} 8. Qc2 {[%emt 0:00:24]} Nbd7 {[%emt 0:00:03]} 9. e4 {[%emt 0:00:41]} e5 {[%emt 0:00:10]} 10. d5 {[%emt 0:00:16]} a5 {[%emt 0:00:20]} 11. Bd2 {[%emt 0:00:31]} Bc8 {[%emt 0:01:00]} 12. a3 {[%emt 0:00:35]} Nh5 {[%emt 0:01:52]} 13. b4 {[%emt 0:00:39]} f5 {[%emt 0:00:47]} 14. Ng5 {[%emt 0:01:04]} Ndf6 {[%emt 0:00:22]} 15. exf5 {[%emt 0:02:35]} Bxf5 {[%emt 0:00:33]} 16. Nce4 {[%emt 0:00:37]} (16. Qb3 $16) 16... Qe7 {[%emt 0:00:42]} 17. bxa5 {[%emt 0:01:35]} bxa5 {[%emt 0:00:14]} 18. c5 {[%emt 0:00:01]} Kh8 {[%emt 0:01:21]} 19. Qc4 {[%emt 0:01:31]} Nxe4 {[%emt 0:01:08]} 20. Nxe4 {[%emt 0:00:10]} Nf6 {[%emt 0:01:11]} 21. Rab1 {[%emt 0:00:48]} Nxe4 {[%emt 0:00:48]} 22. Bxe4 {[%emt 0:00:01]} Bxe4 {[%emt 0:00:26]} 23. Qxe4 {[%emt 0:00:01]} dxc5 {[%emt 0:00:01]} 24. Be3 {[%emt 0:00:27]} a4 {[%emt 0:01:35]} 25. Qc4 {[%emt 0:00:38]} Rf3 {[%emt 0:00:53]} 26. Bxc5 {[%emt 0:00:14]} Qf7 {[%emt 0:00:01]} 27. Rb7 {[%emt 0:00:27]} Rd8 {[%emt 0:00:09]} 28. Rd1 {[%emt 0:00:46]} h5 {[%emt 0:00:44]} 29. Be3 {[%emt 0:00:29]} Rd7 {[%emt 0:00:00]} 30. Qxa4 $18 Rxd5 {[%emt 0:00:26]} 31. Rxd5 {[%emt 0:00:36]} Qxd5 {[%emt 0:00:02]} 32. Rxc7 {[%emt 0:00:02]} Rf8 {[%emt 0:01:14]} 33. Qd7 {[%emt 0:00:11]} Qxd7 {[%emt 0:00:17]} 34. Rxd7 {[%emt 0:00:01]} Ra8 {[%emt 0:00:11]} 35. Ra7 {[%emt 0:00:01]} Rc8 {[%emt 0:00:28]} 36. a4 {[%emt 0:00:08]} Kg8 {[%emt 0:00:01]} 37. a5 {[%emt 0:00:05]} Rc2 {[%emt 0:00:05]} 38. a6 {[%emt 0:00:08]} Ra2 {[%emt 0:00:01]} 39. Ra8+ {[%emt 0:00:09]} Kf7 {[%emt 0:00:16]} 40. a7 {[%emt 0:00:05]} 1-0